Beginning drama 11-14

Αποθηκεύτηκε σε:
Λεπτομέρειες βιβλιογραφικής εγγραφής
Κύριος συγγραφέας: Neelands, Jonothan
Μορφή: Βιβλίο
Γλώσσα:English
Δημοσίευση: New York : David Fulton Publishers, 2004
Έκδοση:2η έκδ.
Θέματα:
Ετικέτες: Προσθήκη ετικέτας
Δεν υπάρχουν, Καταχωρήστε ετικέτα πρώτοι!

MARC

LEADER 00000nam a2200000 i 4500
001 1/56204
008 140917s2004 eng d
020 |a 1-84312-086-0 
035 |l 10119141 
040 |a GR-MY-UA  |b gre  |e aacr 
041 0 |a eng 
082 0 |a 372.66  |2 (23) 
100 1 |a Neelands, Jonothan. 
245 1 0 |a Beginning drama 11-14 /  |c Jonothan Neelands 
250 |a 2η έκδ. 
260 |a New York :   |b David Fulton Publishers,   |c 2004 
300 |a xiv, 114 σ.;  |c 25 εκ. 
504 |a Βιβλιογραφία: σ. 106-110 
504 |a Ευρετήριο: σ. 111-114 
650 0 0 |a Drama in education. 
650 0 0 |a Drama  |x Study and teaching. 
650 0 0 |a Theater  |x Study and teaching (Secondary) 
852 |a INST  |b RHODES  |e 20140917  |h 372.66 NEE  |p 005400036795  |q 005400036795  |t BK  |y 0 
901 |a BIBL4-2014-3 
909 |a Ρ  |b 189365 
922 |a 4ΕΛΗ  |b 201405  |c ΤΑΚ/ΠΤΔΕ  |d ΔΙΑΔΡΟΜΕΣ 
970 |z 2014/09/17